The development of English local government, 1689-1835 / (Record no. 6405)
[ view plain ]
| 000 -LEADER | |
|---|---|
| fixed length control field | 01148cam a22002891 4500 |
| 001 - CONTROL NUMBER | |
| control field | 6405 |
| 003 - CONTROL NUMBER IDENTIFIER | |
| rucl marc code | BD-RjUL |
| 005 - DATE AND TIME OF LATEST TRANSACTION | |
| control field | 20211208234234.0 |
| 008 - FIXED-LENGTH DATA ELEMENTS--GENERAL INFORMATION | |
| fixed length control field | 140111s1963 enk b 001 0 eng d |
| 035 ## - SYSTEM CONTROL NUMBER | |
| System control number | (BD-RjUL) 6445 |
| System control number | (OCoLC)985765 |
| 040 ## - CATALOGING SOURCE | |
| Original cataloging agency | DLC |
| Transcribing agency | OAU |
| Modifying agency | OCoLC |
| -- | Uk |
| -- | DLC |
| -- | (BD-RjUL |
| Language of cataloging | eng |
| 041 ## - LANGUAGE CODE | |
| Language code of text/sound track or separate title | eng |
| 082 00 - DEWEY DECIMAL CLASSIFICATION NUMBER | |
| Classification number | 352.042 |
| Author mark and year | WED |
| 100 1# - MAIN ENTRY--PERSONAL NAME | |
| Personal name | Webb, Sidney, |
| Dates associated with a name | 1859-1947. |
| 9 (RLIN) | 7713 |
| 245 14 - TITLE STATEMENT | |
| Title | The development of English local government, 1689-1835 / |
| Statement of responsibility, etc. | [by] Sidney and Beatrice Webb. With an introd. by George Clark. |
| 260 ## - PUBLICATION, DISTRIBUTION, ETC. (IMPRINT) | |
| Place of publication, distribution, etc. | London : |
| -- | New York : |
| Name of publisher, distributor, etc. | Oxford University Press, |
| Date of publication, distribution, etc. | 1963. |
| 300 ## - PHYSICAL DESCRIPTION | |
| Pagination | xii, 194 p. ; |
| Size | 17 cm. |
| 500 ## - GENERAL NOTE | |
| General note | "Originally appeared as chapters V and VI of vol. IV of [the author's] English local government ... the volume being entitled Statutory authorities for special purposes." |
| 504 ## - BIBLIOGRAPHY, ETC. NOTE | |
| Bibliography, etc | Bibliographical footnotes. |
| 650 #0 - SUBJECT ADDED ENTRY--TOPICAL TERM | |
| Topical term or geographic name as entry element | Local government |
| Geographic subdivision | Great Britain. |
| 9 (RLIN) | 20171 |
| 700 1# - ADDED ENTRY--PERSONAL NAME | |
| Personal name | Webb, Beatrice Potter, |
| Dates associated with a name | 1858-1943, |
| Relator term | joint author. |
| 942 ## - ADDED ENTRY ELEMENTS (KOHA) | |
| Source of classification or shelving scheme | Dewey Decimal Classification |
| Koha item type | Books |
| Lost status | Source of classification or shelving scheme | Damaged status | Not for loan | Collection code | Permanent Location | Current Location | Shelving location | Date acquired | Source of acquisition | Cost, normal purchase price | Total Checkouts | Full call number | Date last seen | Copy number | Koha item type |
|---|---|---|---|---|---|---|---|---|---|---|---|---|---|---|---|
| Dewey Decimal Classification | Not For Loan | Non-fiction | Central Library, University of Rajshahi | Central Library, University of Rajshahi | 30/03/1967 | Park Amirican Com. | 7.88 | 352.042 WED 1963 | 11/01/2014 | C-1 | Books | ||||
| Dewey Decimal Classification | Non-fiction | Central Library, University of Rajshahi | Central Library, University of Rajshahi | 01/07/1970 | Sweets and zeitlinger | 12.60 | 352.042 WED 1963 | 03/08/2016 | C-2 | Books | |||||
| Dewey Decimal Classification | Non-fiction | Central Library, University of Rajshahi | Central Library, University of Rajshahi | 30/03/1967 | Park Amirican Com | 7.80 | 352.042 WED 1963 | 03/08/2016 | C-3 | Books |